| LEADER | 01005cam a2200277 7i4500 | ||
|---|---|---|---|
| 001 | 0000036978 | ||
| 005 | 20221130090000.0 | ||
| 008 | 221011t2020 eng | ||
| 020 | # | # | |a 9780735214507 |
| 040 | # | # | |a MATR |
| 090 | 0 | # | |a B 153.9 |b EPS |
| 100 | 1 | # | |a Epstein, David |e author |
| 245 | 1 | 0 | |a RANGE : |b Why Generalists Triumph in a Specialized World |c David Epstein. |
| 260 | # | # | |a New York: |b Riverhead Books, |c 2019. |
| 300 | # | # | |a 355 pages: |b illustrations; |c 21 cm. |
| 336 | # | # | |a text |2 rdacontent |
| 337 | # | # | |a unmediated |2 rdamedia |
| 338 | # | # | |a volume |2 rdacarrier |
| 650 | # | 0 | |a Ability |
| 650 | # | 0 | |a Expertise |
| 999 | |a JHR000485B |b Book |c Book |e MATRADE Southern Regional Office | ||
| 999 | |a B000041949 |b Book |c Book |e Business Information Centre | ||
| 999 | |a PNG001193B |b Book |c Book |e MATRADE Northern Regional Office | ||
| 999 | |a SBH001163B |b Book |c Book |e MATRADE Sabah | ||
| 999 | |a SRW000589B |b Book |c Book |e MATRADE Sarawak | ||
| 999 | |a TRG000473B |b Book |c Book |e MATRADE Eastern Regional Office | ||


